000 00310nam a22001337a 4500
008 171124b xxu||||| |||| 00| 0 eng d
020 _a0470202920
041 _aeng
080 _a612.39
100 _a27
101 _aNUT
245 _aINTRODUCTION TO SIMULATION AND SLAM II
_cPRITSKER,A,A
942 _2udc
_cBK
999 _c38470
_d38470